[Event "Arco op 33rd"]
[Site "Arco"]
[Date "2011.10.24"]
[Round "3"]
[White "Nicolodi, Raoul"]
[Black "Medancic, Rikard"]
[Result "0-1"]
[WhiteElo "1983"]
[BlackElo "2266"]
[PlyCount "62"]
[EventDate "2011.10.22"]
[EventType "swiss"]
[EventRounds "9"]
[EventCountry "ITA"]
[SourceTitle "EXT 2012"]
[Source "ChessBase"]
[SourceDate "2011.11.24"]
[SourceVersion "1"]
[SourceVersionDate "2011.11.24"]
[SourceQuality "1"]

1. Nf3 Nf6 2. c4 c5 3. Nc3 b6 4. g3 Bb7 5. Bg2 e6 6. 0-0 Be7 7. Re1 a6 8. e4 d6 9. d4 cxd4 10. Nxd4 Qc7 11. b3 0-0 12. Ba3 Nbd7 13. Qc2 Rac8 14. Rad1 Rfe8 15. Bb2 Qb8 16. f4 Bf8 17. Qf2 Ba8 18. h3 e5 19. Nf5 b5 20. cxb5 axb5 21. Nd5 Nxd5 22. exd5 g6 23. Ne3 Bg7 24. f5 Qa7 25. Ba1 Rf8 26. g4 Bh6 27. h4 Bxe3 28. Rxe3 Nf6 29. Bf3 Bxd5 30. Bxd5 Nxg4 31. Qg3 Qxe3+ 0-1

[Event "Arco op 33rd"]
[Site "Arco"]
[Date "2011.10.22"]
[Round "1"]
[White "Nicolodi, Raoul"]
[Black "Alagia, Pietro"]
[Result "1-0"]
[WhiteElo "1983"]
[BlackElo "1763"]
[PlyCount "67"]
[EventDate "2011.10.22"]
[EventType "swiss"]
[EventRounds "9"]
[EventCountry "ITA"]
[SourceTitle "EXT 2012"]
[Source "ChessBase"]
[SourceDate "2011.11.24"]
[SourceVersion "1"]
[SourceVersionDate "2011.11.24"]
[SourceQuality "1"]

1. Nf3 d5 2. c4 Nf6 3. cxd5 Qxd5 4. Nc3 Qd8 5. g3 g6 6. Bg2 Bg7 7. 0-0 0-0 8. d4 Nc6 9. e4 Bg4 10. Be3 Kh8 11. h3 Bxf3 12. Bxf3 e5 13. d5 Ne7 14. Qb3 Qc8 15. Bg2 Nh5 16. Rac1 f5 17. Nb5 c6 18. Nd6 Qd7 19. Qxb7 Qxd6 20. Bc5 Qb8 21. Qxb8 Rfxb8 22. Bxe7 cxd5 23. exd5 Rxb2 24. d6 e4 25. d7 Rbb8 26. Rfd1 Bf6 27. d8Q+ Rxd8 28. Rxd8+ Rxd8 29. Bxd8 Bd4 30. Kf1 e3 31. Rc4 Be5 32. g4 Nf4 33. Bf6+ Bxf6 34. Rxf4 1-0

[Event "Arco op 32nd"]
[Site "Arco"]
[Date "2010.10.24"]
[Round "9"]
[White "Nicolodi, Raoul"]
[Black "Bonade, Massimo"]
[Result "1/2-1/2"]
[WhiteElo "1939"]
[BlackElo "2091"]
[PlyCount "78"]
[EventDate "2010.10.16"]
[EventType "swiss"]
[EventRounds "9"]
[EventCountry "ITA"]
[SourceTitle "CBM 138 Extra"]
[Source "ChessBase"]
[SourceDate "2010.10.29"]
[SourceVersion "1"]
[SourceVersionDate "2010.10.29"]
[SourceQuality "1"]

1. c4 c5 2. Nf3 Nc6 3. Nc3 g6 4. g3 Bg7 5. Bg2 e5 6. d3 Nge7 7. Bg5 f6 8. Be3 d6 9. 0-0 0-0 10. a3 Be6 11. Rb1 a5 12. Ne1 b6 13. Nd5 Rb8 14. Nc2 Qc8 15. b4 axb4 16. axb4 Bh3 17. Nxe7+ Nxe7 18. Qd2 Bxg2 19. Kxg2 Nf5 20. Na3 Rd8 21. f3 Kh8 22. Nb5 d5 23. g4 Ne7 24. bxc5 bxc5 25. Na7 Qc7 26. Rxb8 Rxb8 27. Nb5 Qc8 28. Bh6 Ra8 29. Bxg7+ Kxg7 30. Ra1 Qc6 31. Qb2 d4 32. Rxa8 Qxa8 33. Qa3 Qxa3 34. Nxa3 Kf7 35. Nb5 Ke6 36. h4 Nc8 37. Nc7+ Kd7 38. Nd5 Ke6 39. Nc7+ Kd6 1/2-1/2

[Event "Arco op 32nd"]
[Site "Arco"]
[Date "2010.10.22"]
[Round "7"]
[White "Nicolodi, Raoul"]
[Black "Karl, Hans"]
[Result "1-0"]
[WhiteElo "1939"]
[BlackElo "2211"]
[PlyCount "109"]
[EventDate "2010.10.16"]
[EventType "swiss"]
[EventRounds "9"]
[EventCountry "ITA"]
[SourceTitle "CBM 138 Extra"]
[Source "ChessBase"]
[SourceDate "2010.10.29"]
[SourceVersion "1"]
[SourceVersionDate "2010.10.29"]
[SourceQuality "1"]

1. c4 e5 2. Nc3 d6 3. d3 c6 4. g3 Be7 5. Bg2 Nf6 6. Nf3 0-0 7. 0-0 h6 8. Rb1 Be6 9. b4 Nbd7 10. Bd2 d5 11. cxd5 cxd5 12. e3 Bd6 13. Qe2 Rc8 14. Rfc1 Qe7 15. a3 a6 16. Na4 b5 17. Nb2 e4 18. Nd4 Ne5 19. f4 exd3 20. Nxd3 Bg4 21. fxe5 Bxe2 22. exd6 Qxd6 23. Nxe2 Ne4 24. Be1 Rc4 25. Nd4 Rfc8 26. Bxe4 dxe4 27. Nc5 Rxd4 28. exd4 Qxd4+ 29. Kg2 Qe3 30. Bf2 Qf3+ 31. Kg1 e3 32. Be1 Rc6 33. Nd3 Rf6 34. Bc3 Rf5 35. Rf1 Qe4 36. Nc5 Rxf1+ 37. Rxf1 Qc2 38. Bd4 e2 39. Re1 Qd2 40. Bf2 a5 41. Nb3 Qb2 42. bxa5 Qxa3 43. Rxe2 Qxb3 44. a6 Qa4 45. a7 Kh7 46. Re8 Qd1+ 47. Re1 Qa4 48. Rb1 Qc2 49. Ra1 b4 50. a8Q b3 51. Qa4 f5 52. Bd4 Kg6 53. Qd7 b2 54. Qxg7+ Kh5 55. Bxb2 1-0

[Event "Arco op 32nd"]
[Site "Arco"]
[Date "2010.10.21"]
[Round "6"]
[White "Grinza, Andrea"]
[Black "Nicolodi, Raoul"]
[Result "0-1"]
[WhiteElo "2239"]
[BlackElo "1939"]
[PlyCount "84"]
[EventDate "2010.10.16"]
[EventType "swiss"]
[EventRounds "9"]
[EventCountry "ITA"]
[SourceTitle "EXT 2024"]
[Source "ChessBase"]
[SourceDate "2023.10.10"]
[SourceVersion "1"]
[SourceVersionDate "2023.10.10"]
[SourceQuality "1"]

1. d4 e6 2. c4 Nf6 3. Nc3 Bb4 4. Bg5 h6 5. Bxf6 Qxf6 6. Rc1 b6 7. f3 0-0 8. e4 d5 9. Nge2 dxe4 10. fxe4 Bb7 11. Qd3 Rd8 12. a3 Bc5 13. Rd1 Nc6 14. e5 Qh4+ 15. g3 Qg4 16. h3 Nxe5 17. Qe3 Qg5 18. Qxg5 hxg5 19. Nd5 exd5 20. Bg2 Nxc4 21. Rc1 Bd6 22. Rxc4 dxc4 23. Bxb7 Rab8 24. Bc6 b5 25. Kf2 Rb6 26. d5 Bc5+ 27. Kf3 Rd6 28. Nc3 a6 29. Ne4 Rdxc6 30. dxc6 Rxc6 31. Nxg5 f6 32. Ne4 Bd4 33. Rh2 Re6 34. Rd2 c5 35. g4 Re5 36. Rc2 Kf7 37. a4 Ke6 38. axb5 axb5 39. Kf4 Kd5 40. Re2 Bxb2 41. Nxf6+ gxf6 42. Rxb2 c3 0-1

[Event "Arco op 32nd"]
[Site "Arco"]
[Date "2010.10.16"]
[Round "1"]
[White "Nicolodi, Raoul"]
[Black "Carrozza, Gregorio"]
[Result "1-0"]
[WhiteElo "1939"]
[BlackElo "1667"]
[PlyCount "73"]
[EventDate "2010.10.16"]
[EventType "swiss"]
[EventRounds "9"]
[EventCountry "ITA"]
[SourceTitle "EXT 2024"]
[Source "ChessBase"]
[SourceDate "2023.10.10"]
[SourceVersion "1"]
[SourceVersionDate "2023.10.10"]
[SourceQuality "1"]

1. c4 d6 2. Nc3 Nf6 3. Nf3 Nbd7 4. g3 g6 5. Bg2 Bg7 6. 0-0 e5 7. d3 0-0 8. Rb1 c6 9. b4 d5 10. cxd5 Nxd5 11. Nxd5 cxd5 12. Qb3 e4 13. dxe4 dxe4 14. Ng5 Nb6 15. Rd1 Qe7 16. Nxe4 Bf5 17. Bg5 Qe8 18. Nd6 Qxe2 19. Nxf5 gxf5 20. Re1 Qh5 21. Bf4 Rfe8 22. Bxb7 Bd4 23. Bxa8 Rxa8 24. Kg2 Bxf2 25. Kxf2 Qxh2+ 26. Kf3 Qh5+ 27. Kg2 Qg6 28. Rbc1 Rd8 29. Qf3 Nd5 30. Rcd1 Qc6 31. Kg1 Qc4 32. Qd3 Qc6 33. Qd4 Qg6 34. Qc5 Kg7 35. Rxd5 Rxd5 36. Qxd5 Qb6+ 37. Qc5 1-0

[Event "Arco op 31st"]
[Site "Arco"]
[Date "2009.10.20"]
[Round "4"]
[White "Nicolodi, Raoul"]
[Black "Maneschi, Giuseppe"]
[Result "0-1"]
[WhiteElo "1909"]
[BlackElo "2072"]
[PlyCount "126"]
[EventDate "2009.10.17"]
[EventType "swiss"]
[EventRounds "9"]
[EventCountry "ITA"]
[SourceTitle "EXT 2010"]
[Source "ChessBase"]
[SourceDate "2010.11.25"]
[SourceVersion "1"]
[SourceVersionDate "2010.11.25"]
[SourceQuality "1"]

1. d4 g6 2. Bf4 Bg7 3. e3 d6 4. Nf3 Nd7 5. h3 e5 6. Bh2 Qe7 7. Be2 Ngf6 8. c4 Ne4 9. Nbd2 f5 10. dxe5 Nxe5 11. Nxe5 Bxe5 12. Bxe5 Qxe5 13. Nxe4 fxe4 14. Qd4 Qxd4 15. exd4 Rf8 16. d5 c6 17. Rd1 Ke7 18. Bg4 Bf5 19. Ke2 c5 20. Ke3 Rae8 21. Rd2 Kf6 22. Bxf5 gxf5 23. Kf4 Rg8 24. g3 e3 25. fxe3 Re4+ 26. Kf3 Rxc4 27. Re1 Re4 28. a3 Ke5 29. Rg1 h5 30. Rgg2 h4 31. g4 f4 32. exf4+ Rxf4+ 33. Ke2 Re4+ 34. Kd1 Re3 35. Rge2 Rxe2 36. Kxe2 Ke4 37. b3 Re8 38. Rd3 Kf4+ 39. Kf2 Re5 40. a4 Ke4 41. Ke2 b6 42. Rf3 Kxd5+ 43. Kd3 a6 44. Rf8 b5 45. axb5 axb5 46. Rh8 c4+ 47. Kc2 Re2+ 48. Kb1 Kd4 49. bxc4 bxc4 50. g5 Kc3 51. g6 Rg2 52. Rxh4 Rxg6 53. Rh8 d5 54. Rf8 Rg1+ 55. Ka2 Rg2+ 56. Kb1 d4 57. Rf1 Rh2 58. Rc1+ Kb3 59. Rd1 d3 60. Kc1 Kc3 61. Kb1 Rxh3 62. Rc1+ Kb3 63. Rd1 c3 0-1

[Event "Arco op 30th"]
[Site "Arco"]
[Date "2008.10.19"]
[Round "2"]
[White "Von Wantoch Rekowski, Markus"]
[Black "Nicolodi, Raoul"]
[Result "1/2-1/2"]
[WhiteElo "1922"]
[BlackElo "1825"]
[PlyCount "51"]
[EventDate "2008.10.18"]
[EventType "swiss"]
[EventRounds "9"]
[EventCountry "ITA"]
[SourceTitle "CBM 127 Extra"]
[Source "ChessBase"]
[SourceDate "2009.01.08"]
[SourceVersion "2"]
[SourceVersionDate "2009.01.28"]
[SourceQuality "1"]

1. Nc3 Nf6 2. e4 e5 3. Bc4 Bb4 4. Nf3 Nc6 5. 0-0 0-0 6. d3 d6 7. Nd5 Nxd5 8. exd5 Nd4 9. Ng5 b5 10. Bb3 Nxb3 11. axb3 h6 12. Ne4 Bb7 13. c4 c6 14. Nc3 bxc4 15. dxc4 cxd5 16. Nxd5 Bxd5 17. Qxd5 Bc5 18. Ra6 Rb8 19. Be3 Qc8 20. Rc6 Qb7 21. Bxc5 dxc5 22. Qxc5 Qxb3 23. Qxa7 Qxb2 24. Rc7 Ra8 25. Qe3 Rac8 26. Re7 1/2-1/2

[Event "Trento op"]
[Site "Trento"]
[Date "2008.03.30"]
[Round "5"]
[White "Battiston, Claudio"]
[Black "Nicolodi, Raoul"]
[Result "1/2-1/2"]
[WhiteElo "1945"]
[BlackElo "1827"]
[PlyCount "36"]
[EventDate "2008.03.28"]
[EventType "swiss"]
[EventRounds "5"]
[EventCountry "ITA"]
[SourceTitle "EXT 2011"]
[Source "ChessBase"]
[SourceDate "2010.11.26"]
[SourceVersion "1"]
[SourceVersionDate "2010.11.26"]
[SourceQuality "1"]

1. e4 e5 2. Nf3 Nc6 3. Bb5 a6 4. Ba4 Nf6 5. 0-0 Be7 6. Re1 b5 7. Bb3 d6 8. c3 0-0 9. d3 Na5 10. Bc2 c5 11. Nbd2 Nc6 12. Nf1 a5 13. a4 bxa4 14. Bxa4 Qc7 15. Bg5 Nd8 16. Ne3 Ne6 17. Bh4 Nf4 18. Qc2 Bd7 1/2-1/2